Ces objets ou végétaux dont le nom est aussi un prénom... - Statistiques

Statistiques générales
  • Ce quiz a été pris 198 fois
  • Le résultat moyen est 22 sur 30
Statistiques - réponses
Question Réponse % Correct
Récompense dans le milieu du cinéma César
100%
Bonnet pour la douche Charlotte
100%
Petit agrume Clémentine
100%
Travail Job
100%
Petite ouverture Judas
100%
Potage aux légumes en batonnets Julienne
100%
Petit gâteau Madeleine
100%
Maillot de corps Marcel
100%
Haschich en français dans le texte Marie-Jeanne
100%
Récompense dans le milieu du cinéma aux Etats-Unis Oscar
100%
Dessert aux fruits ou au chocolat Charlotte
88%
Rosier sauvage Eglantine
88%
Couleur d'une robe de cheval Isabelle
88%
Petit ami Jules
88%
Spatule souple Maryse
88%
Sein Robert
88%
Fleur orange Capucine
75%
Petit col rond Claudine
75%
Jolie fleur bleue, blanche ou jaune Iris
75%
Autorail Micheline
75%
Véhicule hippomobile Fiacre
63%
Moulure à l'intérieur d'un cadre Marie-Louise
63%
Arbre des régions chaudes Olivier
63%
Bulbe de printemps Jacinthe
50%
Petite planche à repasser Jeannette
50%
Fleur de Toulouse Violette
50%
Rabot étroit Guillaume
25%
Roue qui portait les caractères d'impression sur les machines à écrire Marguerite
25%
Cocktail cognac, crème, cacao Alexandra
13%
Tissu souple, crêpe... Georgette
13%
Aucun quiz correspondant
Distribution des résultats
% des personnes avec chaque résultat
Percentile par nombre de réponses
Votre historique - résultats
Vous n’avez pas pris ce quiz